MAASAI MARA UNIVERSITY

LIBRARY CATALOGUE

Contact Us: +254 020 2685356/7 or 0774 057787

Box: 861-20500, NAROK, KENYA

Email: info@mmarau.ac.ke

_The House of The Seven Gables/ Nathaniel Hawthorne (Record no. 12860)

MARC details
000 -LEADER
fixed length control field 00420nam a2200145Ia 4500
008 - FIXED-LENGTH DATA ELEMENTS--GENERAL INFORMATION
fixed length control field 151021s9999 xx 000 0 und d
020 ## - INTERNATIONAL STANDARD BOOK NUMBER
International Standard Book Number 9.7805532127e+012
050 ## - LIBRARY OF CONGRESS CALL NUMBER
Classification number PZ3 .H318 1981
245 ## - TITLE STATEMENT
Title _The House of The Seven Gables/ Nathaniel Hawthorne
260 ## - PUBLICATION, DISTRIBUTION, ETC. (IMPRINT)
Place of publication, distribution, etc. New York : Bantam Books, 1981
300 ## - PHYSICAL DESCRIPTION
Extent 245 p.
500 ## - GENERAL NOTE
General note Includes index
500 ## - GENERAL NOTE
General note Includes index
980 ## - EQUIVALENCE OR CROSS-REFERENCE-SERIES STATEMENT--PERSONAL NAME/TITLE [LOCAL, CANADA]
Personal name ^d20130211 11:40:48^oanne

No items available.

© 2016 Maasai Mara University.